000 00341nam a2200145 i 4500
001 bg
100 1 _aMARO, L.
245 0 _aKomputer bliżej projektowania /
_cL. Maro, A. Ufnalski.
260 _aWarszawa,
_c1979.
700 1 _aUFNALSKI, A.
040 _cBPK
041 _apol
942 _cKS
008 s pl f |000 0 pol
999 _c18667
_d18667
856 _uhttp://koha.tu.koszalin.pl/cgi-bin/koha/opac-detail.pl?biblionumber=18667
_yKatalog online BPK